[Event "Titled Tuesday intern op 03rd Jan Late"]
[Site "Chess.com INT"]
[Date "2025.06.03"]
[Round "4"]
[White "Ismagilov, Damir"]
[Black "Kilic, Eray"]
[Result "0-1"]
[WhiteElo "2173"]
[BlackElo "2469"]
[PlyCount "98"]
[EventDate "2025.06.03"]
[EventType "swiss (blitz)"]
[EventRounds "11"]
[EventCountry "USA"]
[SourceTitle "CB24_2025"]
[SourceDate "2025.06.11"]
[SourceVersion "1"]
[SourceVersionDate "2025.06.11"]
[SourceQuality "1"]

1. d4 Nf6 2. c4 e6 3. Nc3 Bb4 4. g3 Ne4 5. Qc2 f5 6. Bg2 0-0 7. Nf3 d5 8. 0-0 c6 9. h4 Nd7 10. Bf4 Ndf6 11. Ne5 Bd6 12. c5 Bc7 13. e3 h6 14. Nxe4 Nxe4 15. h5 Bd7 16. f3 Nf6 17. g4 Be8 18. Bh3 fxg4 19. fxg4 Qe7 20. Ng6 Bxg6 21. Qxg6 Bxf4 22. exf4 Ne4 23. g5 hxg5 24. Bxe6+ Kh8 25. Bf5 Rxf5 26. Qxf5 Rf8 27. Qg4 Qf6 28. fxg5 Qxd4+ 29. Kg2 Qd2+ 30. Kh3 Nf2+ 31. Rxf2 Qxf2 32. Rg1 Qxc5 33. h6 g6 34. Qg3 Qd4 35. Re1 Rf7 36. Qe5+ Qxe5 37. Rxe5 Kh7 38. Kg4 Rd7 39. b4 d4 40. Re2 d3 41. Rd2 Rd5 42. Kf4 a6 43. a4 b6 44. Ke4 Rxg5 45. Rxd3 Kxh6 46. Rd6 Rg4+ 47. Ke5 Rxb4 48. Rxc6 a5 49. Rd6 Kg5 0-1

[Event "Titled Tuesday intern op 20th May Late"]
[Site "Chess.com INT"]
[Date "2025.05.20"]
[Round "6"]
[White "Leenhouts, Koen"]
[Black "Kilic, Eray"]
[Result "0-1"]
[WhiteElo "2476"]
[BlackElo "2469"]
[PlyCount "32"]
[EventDate "2025.05.20"]
[EventType "swiss (blitz)"]
[EventRounds "11"]
[EventCountry "USA"]
[SourceTitle "CB22_2025"]
[SourceDate "2025.05.28"]
[SourceVersion "1"]
[SourceVersionDate "2025.05.28"]
[SourceQuality "1"]

1. e4 e5 2. Nf3 d5 3. Nxe5 Bd6 4. d4 dxe4 5. Nc4 Nf6 6. Nc3 0-0 7. Bg5 h6 8. Bh4 Re8 9. Be2 Nc6 10. Qd2 Bf5 11. Nxd6 Qxd6 12. d5 Ne5 13. 0-0 Rad8 14. Rad1 a6 15. a3 c6 16. Qf4 Nf3+ 0-1

[Event "Titled Tuesday intern op 20th May Late"]
[Site "Chess.com INT"]
[Date "2025.05.20"]
[Round "4"]
[White "Lortkipanidze, Nodar"]
[Black "Kilic, Eray"]
[Result "1/2-1/2"]
[WhiteElo "2359"]
[BlackElo "2469"]
[PlyCount "230"]
[EventDate "2025.05.20"]
[EventType "swiss (blitz)"]
[EventRounds "11"]
[EventCountry "USA"]
[SourceTitle "CB22_2025"]
[SourceDate "2025.05.28"]
[SourceVersion "1"]
[SourceVersionDate "2025.05.28"]
[SourceQuality "1"]

1. e4 c5 2. c3 d5 3. exd5 Qxd5 4. d4 Nf6 5. Nf3 Bg4 6. Be2 e6 7. h3 Bh5 8. 0-0 Nc6 9. Be3 cxd4 10. cxd4 Be7 11. Nc3 Qd6 12. Qb3 0-0 13. Rfd1 Rfd8 14. Rac1 Qb4 15. g4 Qxb3 16. axb3 Bg6 17. Ne5 Nb4 18. Nxg6 hxg6 19. Bf3 Rd7 20. Na4 Nfd5 21. Bd2 Rad8 22. Kf1 b6 23. Ke2 Bf6 24. Be3 g5 25. Nc3 Nf4+ 26. Bxf4 gxf4 27. Nb5 a6 28. Rc4 Nd5 29. Nc3 b5 30. Rc5 Nb4 31. d5 Bxc3 32. bxc3 Nxd5 33. Bxd5 exd5 34. Rd4 g5 35. c4 dxc4 36. Rxd7 Rxd7 37. Rxg5+ Kf8 38. bxc4 bxc4 39. Rc5 Rd4 40. Ra5 Rd3 41. Rxa6 f3+ 42. Ke1 c3 43. Rc6 Ke7 44. h4 Kd7 45. Rc4 Ke6 46. h5 Kf6 47. Rc5 Kg7 48. g5 Kh7 49. Rc7 Kg8 50. Rc8+ Kg7 51. Rc7 Kg8 52. Rc6 Rd5 53. Rxc3 Re5+ 54. Re3 Rxg5 55. Rxf3 Rxh5 56. Rg3+ Kf8 57. Re3 Ra5 58. Ke2 f6 59. Kf3 Kf7 60. Rd3 Ra4 61. Re3 Kg6 62. Re4 Ra2 63. Re3 Kg5 64. Kg3 Rd2 65. Rc3 Rd5 66. Re3 f5 67. Rb3 Rc5 68. Kf3 Rc4 69. Ra3 Rh4 70. Kg3 f4+ 71. Kg2 Rh8 72. Ra5+ Kg4 73. f3+ Kh4 74. Rf5 Rb8 75. Rxf4+ Kg5 76. Re4 Kf5 77. Kg3 Rb1 78. Ra4 Rg1+ 79. Kf2 Rb1 80. Rc4 Rb2+ 81. Kg3 Rb1 82. Rc5+ Kf6 83. Kg4 Rb4+ 84. f4 Rb6 85. Rh5 Kg7 86. Rg5+ Kf6 87. Rh5 Kg7 88. Kg5 Rb1 89. Rh2 Rb5+ 90. Kg4 Kf6 91. Rh6+ Kg7 92. Rc6 Kf7 93. f5 Rb1 94. Rc7+ Kf6 95. Rc6+ Kf7 96. Rc3 Rg1+ 97. Rg3 Rf1 98. Rf3 Rxf3 99. Kxf3 Kf6 100. Kf4 Kf7 101. Kg5 Kg7 102. f6+ Kf7 103. Kf5 Kf8 104. Ke5 Kf7 105. Kf5 Kf8 106. Ke6 Ke8 107. Kd6 Kf7 108. Ke5 Kf8 109. Kf4 Kf7 110. Kg5 Kf8 111. Kh6 Kf7 112. Kg5 Kf8 113. Kg6 Kg8 114. f7+ Kf8 115. Kh7 Kxf7 1/2-1/2

[Event "Reykjavik op"]
[Site "Reykjavik"]
[Date "2025.04.13"]
[Round "6"]
[White "Kilic, Eray"]
[Black "Gajcin, Marina"]
[Result "1/2-1/2"]
[WhiteElo "2473"]
[BlackElo "2217"]
[PlyCount "143"]
[EventDate "2025.04.09"]
[EventType "swiss"]
[EventRounds "9"]
[EventCountry "ISL"]
[SourceTitle "CB17_2025"]
[SourceDate "2025.04.23"]
[SourceVersion "1"]
[SourceVersionDate "2025.04.23"]
[SourceQuality "1"]

1. e4 c5 2. Nf3 Nc6 3. Nc3 Nf6 4. Bb5 Nd4 5. e5 Nxb5 6. Nxb5 Nd5 7. 0-0 a6 8. c4 Nb4 9. Nc3 d6 10. d4 cxd4 11. Qa4+ Nc6 12. Nd5 dxe5 13. Nxe5 b5 14. Nxc6 bxa4 15. Nxd8 Kxd8 16. Bd2 Rb8 17. Ba5+ Kd7 18. Rfd1 e6 19. Nb6+ Kc6 20. Nxa4 e5 21. Rac1 g6 22. Bd2 f5 23. Re1 e4 24. Bf4 Rb4 25. Be5 Rg8 26. b3 d3 27. Bc3 Rxa4 28. bxa4 Bh6 29. Rb1 Be6 30. Bd4 Bxc4 31. Be3 f4 32. Bd2 Re8 33. g3 e3 34. gxf4 exd2 35. Rxe8 Bxa2 36. Rd1 Bxf4 37. Rd8 Bd5 38. Rc8+ Kd6 39. Rc3 Be4 40. f3 Bf5 41. Kf2 Kd5 42. a5 g5 43. Rb3 Kd4 44. Rb6 Be3+ 45. Kg2 Kc3 46. Rc6+ Kb2 47. Rf1 Bd7 48. Rxa6 Kc2 49. Rd6 Bb5 50. Rd5 Bc4 51. Re5 d1Q 52. Rxd1 Kxd1 53. Rxe3 d2 54. Ra3 Ke2 55. Ra1 Bd5 56. Kg3 Bxf3 57. Ra2 Bd5 58. Rxd2+ Kxd2 59. Kg4 h6 60. Kh5 Ke3 61. Kxh6 Kf4 62. a6 Kg4 63. a7 Be4 64. Kg7 Kh4 65. Kf6 g4 66. Ke5 Ba8 67. Kf4 Bb7 68. Kf5 Bc6 69. Kf4 Kh5 70. Kg3 Kg5 71. h3 gxh3 72. Kxh3 1/2-1/2

[Event "EU-ch 25th"]
[Site "Eforie Nord"]
[Date "2025.03.23"]
[Round "8"]
[White "Kilic, Eray"]
[Black "David, Alexandru Vasile"]
[Result "1-0"]
[WhiteElo "2459"]
[BlackElo "2331"]
[PlyCount "57"]
[EventDate "2025.03.15"]
[EventType "swiss"]
[EventRounds "11"]
[EventCountry "ROU"]
[SourceTitle "CB13_2025"]
[SourceDate "2025.03.26"]
[SourceVersion "1"]
[SourceVersionDate "2025.03.26"]
[SourceQuality "1"]

1. e4 c5 2. Nf3 d6 3. d4 cxd4 4. Nxd4 Nf6 5. Nc3 a6 6. Bg5 e6 7. f4 Qb6 8. Qd2 Qxb2 9. Rb1 Qa3 10. f5 b5 11. Bd3 Be7 12. 0-0 Qc5 13. Kh1 0-0 14. e5 Qxd4 15. exf6 Bxf6 16. Bxf6 Qxf6 17. fxe6 Qxe6 18. Nd5 Bb7 19. Nc7 Qd7 20. Nxa8 Bxa8 21. c4 Bc6 22. cxb5 axb5 23. Qb2 Qa7 24. Bxb5 Be4 25. Rbd1 d5 26. a4 Rc8 27. Rc1 Rd8 28. Qf2 d4 29. Qh4 1-0

[Event "EU-ch 25th"]
[Site "Eforie Nord"]
[Date "2025.03.20"]
[Round "6"]
[White "Kilic, Eray"]
[Black "Sonis, Francesco"]
[Result "0-1"]
[WhiteElo "2459"]
[BlackElo "2570"]
[PlyCount "100"]
[EventDate "2025.03.15"]
[EventType "swiss"]
[EventRounds "11"]
[EventCountry "ROU"]
[SourceTitle "CB13_2025"]
[SourceDate "2025.03.26"]
[SourceVersion "1"]
[SourceVersionDate "2025.03.26"]
[SourceQuality "1"]

1. e4 e6 2. d4 d5 3. e5 c5 4. c3 Nc6 5. Nf3 Bd7 6. Bd3 cxd4 7. 0-0 dxc3 8. Nxc3 a6 9. Bg5 Be7 10. Be3 Nh6 11. h3 d4 12. Bxd4 Nxd4 13. Nxd4 Qb6 14. Nb3 Rd8 15. Qc2 Nf5 16. Rfd1 g6 17. Be4 0-0 18. Rd3 Bc8 19. Rad1 Rxd3 20. Bxd3 Rd8 21. Ne4 Kg7 22. Qc3 Bd7 23. Be2 Bc6 24. Rxd8 Qxd8 25. Bd3 Qd5 26. Na5 Bb5 27. Bxb5 axb5 28. Qc2 b6 29. Nb3 Qxe5 30. Nbd2 Bc5 31. Nf3 Qd5 32. b4 Nd4 33. Nxd4 Bxd4 34. Nd2 Qd6 35. a3 Qd5 36. Nf3 Bf6 37. Nd2 Qd4 38. Ne4 Qa1+ 39. Kh2 Be5+ 40. g3 Qxa3 41. Qd2 Qf3 42. Ng5 Qd5 43. Qe3 Bd4 44. Qf4 e5 45. Qh4 h6 46. Ne4 Qc6 47. Kg1 f6 48. Kh2 h5 49. Kg1 g5 50. Nxg5 Qc1+ 0-1

[Event "EU-ch 25th"]
[Site "Eforie Nord"]
[Date "2025.03.19"]
[Round "5"]
[White "Nastore, Pavel Alexandru"]
[Black "Kilic, Eray"]
[Result "0-1"]
[WhiteElo "2295"]
[BlackElo "2459"]
[PlyCount "74"]
[EventDate "2025.03.15"]
[EventType "swiss"]
[EventRounds "11"]
[EventCountry "ROU"]
[SourceTitle "CB13_2025"]
[SourceDate "2025.03.26"]
[SourceVersion "1"]
[SourceVersionDate "2025.03.26"]
[SourceQuality "1"]

1. e4 c5 2. Nf3 d6 3. d4 cxd4 4. Nxd4 Nf6 5. Nc3 a6 6. Bg5 Nbd7 7. Qe2 h6 8. Bd2 e5 9. Nb3 b5 10. 0-0-0 Bb7 11. Be1 Rc8 12. Kb1 Be7 13. g3 Rxc3 14. Bxc3 Nxe4 15. Ba5 Qa8 16. Rg1 Ng5 17. f4 Nf3 18. Rg2 Nf6 19. h3 0-0 20. Rf2 Nh5 21. Bg2 Nxg3 22. Qe3 Nf5 23. Qe2 e4 24. Bxf3 exf3 25. Qd2 Bh4 26. Nd4 Nxd4 27. Qxd4 Bxf2 28. Qxf2 Re8 29. Qd4 f6 30. Qxd6 Qc8 31. Qb6 Kh7 32. Bc3 Re2 33. a3 Be4 34. Rg1 Bxc2+ 35. Ka1 Bg6 36. h4 f2 37. Rf1 Re1+ 0-1

[Event "Titled Tuesday intern op 25th Feb Early"]
[Site "Chess.com INT"]
[Date "2025.02.25"]
[Round "8"]
[White "Djordjevic, Vuk D"]
[Black "Kilic, Eray"]
[Result "1-0"]
[WhiteElo "2350"]
[BlackElo "2459"]
[PlyCount "77"]
[EventDate "2025.02.25"]
[EventType "swiss (blitz)"]
[EventRounds "11"]
[EventCountry "USA"]
[SourceTitle "CB10_2025"]
[SourceDate "2025.03.05"]
[SourceVersion "1"]
[SourceVersionDate "2025.03.05"]
[SourceQuality "1"]

1. d4 Nf6 2. Bg5 d5 3. Bxf6 gxf6 4. e3 c5 5. c4 dxc4 6. Bxc4 e6 7. d5 exd5 8. Bxd5 Nd7 9. Nc3 Qb6 10. Nge2 Bg7 11. 0-0 0-0 12. Qc2 Ne5 13. Be4 f5 14. Bxf5 Bxf5 15. Qxf5 Ng6 16. Qc2 Rac8 17. Rfd1 c4 18. Ng3 Ne5 19. Nf5 Kh8 20. Nd5 Qe6 21. Nf4 Qf6 22. Nh5 Qg6 23. Nhxg7 Rg8 24. Qe2 Rc5 25. Rd4 Nd3 26. g3 Qf6 27. Rd6 Qxb2 28. Qxb2 Nxb2 29. Rc1 c3 30. g4 c2 31. Rd2 Rgc8 32. Nh5 Rc3 33. Nd4 Rg8 34. h3 f5 35. Rcxc2 Rxc2 36. Rxc2 Nd3 37. Nf6 Rf8 38. Ne6 Ra8 39. Rc7 1-0

[Event "Titled Tuesday intern op 25th Feb Early"]
[Site "Chess.com INT"]
[Date "2025.02.25"]
[Round "6"]
[White "Kilic, Eray"]
[Black "Goltsev, Dmitry"]
[Result "1-0"]
[WhiteElo "2459"]
[BlackElo "2226"]
[PlyCount "81"]
[EventDate "2025.02.25"]
[EventType "swiss (blitz)"]
[EventRounds "11"]
[EventCountry "USA"]
[SourceTitle "CB10_2025"]
[SourceDate "2025.03.05"]
[SourceVersion "1"]
[SourceVersionDate "2025.03.05"]
[SourceQuality "1"]

1. e4 e6 2. d4 d5 3. e5 c5 4. c3 Nc6 5. Nf3 Qb6 6. Bd3 Nh6 7. dxc5 Bxc5 8. 0-0 Ng4 9. Qe2 f6 10. b4 Bxf2+ 11. Kh1 Be3 12. exf6 gxf6 13. Nd4 Bxc1 14. Qxg4 Nxd4 15. Rxc1 Nc6 16. Qh5+ Ke7 17. Rf1 Bd7 18. Qh6 Rhf8 19. Nd2 Ne5 20. Be2 Rac8 21. Bh5 Ng6 22. Qxh7+ Kd6 23. Qxg6 Rxc3 24. Rad1 Kc7 25. Qg7 Rd8 26. Qxf6 Qxb4 27. Nf3 Rf8 28. Qe5+ Kc8 29. Rc1 Rxc1 30. Rxc1+ Bc6 31. Qxe6+ Kb8 32. Qe5+ Ka8 33. h3 Qa3 34. Rc2 a6 35. Qc3 Qe7 36. Qc5 Qf6 37. Re2 Qf5 38. Bg4 Qf4 39. Qd4 Qc1+ 40. Re1 Qh6 41. Ne5 1-0

[Event "Titled Tuesday intern op 25th Feb Early"]
[Site "Chess.com INT"]
[Date "2025.02.25"]
[Round "11"]
[White "Kilic, Eray"]
[Black "Kovalchuk, Alexey"]
[Result "1-0"]
[WhiteElo "2459"]
[BlackElo "2304"]
[PlyCount "59"]
[EventDate "2025.02.25"]
[EventType "swiss (blitz)"]
[EventRounds "11"]
[EventCountry "USA"]
[SourceTitle "CB10_2025"]
[SourceDate "2025.03.05"]
[SourceVersion "1"]
[SourceVersionDate "2025.03.05"]
[SourceQuality "1"]

1. d4 Nf6 2. Nc3 d5 3. Bf4 a6 4. e3 e6 5. g4 c5 6. g5 Nfd7 7. Qg4 Nc6 8. Nf3 b5 9. Qg3 b4 10. Bc7 Qe7 11. Ne2 Bb7 12. 0-0-0 Rc8 13. Kb1 c4 14. h4 a5 15. h5 a4 16. Bh3 c3 17. g6 hxg6 18. hxg6 f5 19. Ng5 Nf6 20. Bb6 cxb2 21. Bc5 Qd7 22. Nf4 Bxc5 23. dxc5 b3 24. cxb3 axb3 25. a3 Nb4 26. Nfxe6 Qa4 27. Qe5 Nc6 28. Nxg7+ Kd8 29. Qd6+ Nd7 30. Nf7# 1-0

[Event "Titled Tuesday intern op 25th Feb Early"]
[Site "Chess.com INT"]
[Date "2025.02.25"]
[Round "2"]
[White "Rosh, Jain"]
[Black "Kilic, Eray"]
[Result "0-1"]
[WhiteElo "2150"]
[BlackElo "2459"]
[PlyCount "106"]
[EventDate "2025.02.25"]
[EventType "swiss (blitz)"]
[EventRounds "11"]
[EventCountry "USA"]
[SourceTitle "CB10_2025"]
[SourceDate "2025.03.05"]
[SourceVersion "1"]
[SourceVersionDate "2025.03.05"]
[SourceQuality "1"]

1. e4 c5 2. Nf3 Nc6 3. Bb5 Nf6 4. Nc3 Qc7 5. 0-0 Nd4 6. d3 e5 7. Bc4 Be7 8. Bg5 0-0 9. Bxf6 Bxf6 10. Nd5 Qd8 11. c3 Nc6 12. Bb3 d6 13. Re1 Be6 14. a4 Rc8 15. Nd2 Bg5 16. Nf1 Ne7 17. Nfe3 Bxe3 18. Nxe3 Qd7 19. a5 Kh8 20. Ba4 Qc7 21. Bb3 Nc6 22. Nd5 Bxd5 23. Bxd5 Nxa5 24. Qa4 Nc6 25. Bxc6 bxc6 26. Qxa7 Qd8 27. Qb7 Qg5 28. Qd7 Rcd8 29. Qxc6 Qd2 30. Qd5 f5 31. f3 Qxb2 32. Qc4 fxe4 33. Ra2 Qb6 34. dxe4 h6 35. Rd2 Rf6 36. Red1 Rdf8 37. Rd5 Rg6 38. Kf2 Rf4 39. g3 Rf8 40. Qd3 Rgf6 41. Ke2 c4 42. Qxc4 Rxf3 43. Re1 Qb2+ 44. Kd1 Qb1+ 45. Kd2 Rf2+ 46. Re2 Qb2+ 47. Kd1 Rf1+ 48. Re1 Qb1+ 49. Kd2 Qxe1+ 50. Kc2 Qb1+ 51. Kd2 Qc1+ 52. Ke2 R8f2+ 53. Kd3 Rd1# 0-1

[Event "Titled Tuesday intern op 11th Feb Early"]
[Site "Chess.com INT"]
[Date "2025.02.11"]
[Round "11"]
[White "Kilic, Eray"]
[Black "Salinas Herrera, Pablo Patricio"]
[Result "1-0"]
[WhiteElo "2459"]
[BlackElo "2463"]
[PlyCount "93"]
[EventDate "2025.02.11"]
[EventType "swiss (blitz)"]
[EventRounds "11"]
[EventCountry "USA"]
[SourceTitle "CB08_2025"]
[SourceDate "2025.02.19"]
[SourceVersion "1"]
[SourceVersionDate "2025.02.19"]
[SourceQuality "1"]

1. e4 e5 2. Nf3 Nc6 3. Nc3 Nf6 4. a4 g6 5. Bc4 Bg7 6. d3 d6 7. 0-0 0-0 8. a5 Be6 9. a6 b6 10. Re1 Bxc4 11. dxc4 Nd7 12. Bg5 Qc8 13. Nd5 h6 14. Bh4 Kh7 15. Ra3 Nc5 16. b4 Ne6 17. b5 Na5 18. Nd2 c6 19. Ne7 Qc7 20. Rxa5 bxa5 21. Nxc6 Nd4 22. Nxd4 exd4 23. Bg3 Rfe8 24. h4 Rac8 25. Qf3 a4 26. Qd3 Be5 27. f4 Bg7 28. h5 Kg8 29. hxg6 fxg6 30. Kh2 d5 31. e5 dxc4 32. Qxg6 Qf7 33. Qxf7+ Kxf7 34. Ne4 Bf8 35. f5 Bb4 36. e6+ Kf8 37. Rb1 Be7 38. f6 Bxf6 39. Nxf6 Rxe6 40. Nd7+ Kg8 41. b6 axb6 42. Nxb6 Rce8 43. a7 a3 44. Bb8 a2 45. Ra1 Rxb6 46. a8Q Rexb8 47. Qd5+ 1-0

[Event "Titled Tuesday intern op 04th Feb Early"]
[Site "Chess.com INT"]
[Date "2025.02.04"]
[Round "3"]
[White "Kilic, Eray"]
[Black "Sidhant, Mohapatra"]
[Result "1-0"]
[WhiteElo "2459"]
[BlackElo "2382"]
[PlyCount "105"]
[EventDate "2025.02.04"]
[EventType "swiss (blitz)"]
[EventRounds "11"]
[EventCountry "USA"]
[SourceTitle "CB07_2025"]
[SourceDate "2025.02.12"]
[SourceVersion "1"]
[SourceVersionDate "2025.02.12"]
[SourceQuality "1"]

1. e4 c5 2. Nf3 e6 3. c3 Nf6 4. e5 Nd5 5. d4 cxd4 6. cxd4 d6 7. Bc4 Nb6 8. Bd3 dxe5 9. dxe5 Nc6 10. 0-0 Nb4 11. Be4 Qxd1 12. Rxd1 N4d5 13. Bd2 Bd7 14. Nc3 Bc6 15. Nd4 Nxc3 16. Bxc6+ bxc6 17. Bxc3 Rc8 18. Rac1 Nd5 19. Ba5 Kd7 20. a3 Be7 21. b4 f6 22. exf6 gxf6 23. g3 h5 24. h4 Rhg8 25. Rc4 c5 26. bxc5 Rxc5 27. Ra4 Ra8 28. Ne2 Bd6 29. Bb4 Rc4 30. Ra6 Bxb4 31. axb4 Rxb4 32. Nf4 Rxf4 33. gxf4 f5 34. Kh2 Ke7 35. Rd4 Kf7 36. Rda4 Rg8 37. Rxa7+ Kf6 38. f3 Rb8 39. Ra8 Rb2+ 40. Kg1 Rb1+ 41. Kf2 Rb2+ 42. Ke1 Rh2 43. R4a7 Nxf4 44. Rf8+ Ke5 45. Ra5+ Nd5 46. Ra4 Ne3 47. f4+ Kd6 48. Rd8+ Ke7 49. Rd3 Ng2+ 50. Kf1 Nxh4 51. Ra7+ Ke8 52. Rb3 Rd2 53. Rb6 1-0

[Event "Titled Tuesday intern op 04th Feb Early"]
[Site "Chess.com INT"]
[Date "2025.02.04"]
[Round "1"]
[White "Kilic, Eray"]
[Black "Tikhonov, Viacheslav"]
[Result "1-0"]
[WhiteElo "2459"]
[BlackElo "2183"]
[PlyCount "111"]
[EventDate "2025.02.04"]
[EventType "swiss (blitz)"]
[EventRounds "11"]
[EventCountry "USA"]
[SourceTitle "CB07_2025"]
[SourceDate "2025.02.12"]
[SourceVersion "1"]
[SourceVersionDate "2025.02.12"]
[SourceQuality "1"]

1. e4 c5 2. Nf3 Nc6 3. Bb5 Nd4 4. Nxd4 cxd4 5. 0-0 a6 6. Bc4 e6 7. c3 b5 8. Bb3 Bc5 9. d3 Ne7 10. Nd2 0-0 11. Nf3 Nc6 12. Bg5 Qb6 13. Rc1 d6 14. Bc2 Bd7 15. b4 dxc3 16. bxc5 dxc5 17. Be3 Nd4 18. Bb3 b4 19. Bc4 a5 20. Ne5 Be8 21. f4 f6 22. Ng4 Kh8 23. Kh1 a4 24. Qe1 Qa5 25. a3 Nb3 26. Rc2 Nd4 27. Bxd4 cxd4 28. axb4 Qxb4 29. Qf2 h5 30. Qh4 Kg8 31. Bxe6+ Bf7 32. Bxf7+ Rxf7 33. Qxh5 a3 34. Qg6 Kf8 35. Qh7 Qa4 36. Ra2 Rb7 37. Nh6 Rb2 38. Qh8+ Ke7 39. Qxg7+ Ke8 40. Qf7+ Kd8 41. Qxf6+ Kd7 42. Qf5+ Kc7 43. Qc5+ Kd7 44. Raa1 a2 45. Nf5 Ra5 46. Qd6+ Kc8 47. Nxd4 Ra6 48. Qf8+ Kb7 49. Qe7+ Ka8 50. Ne6 Qc2 51. Nc7+ Kb7 52. Nxa6+ Kxa6 53. Qe6+ Kb5 54. Qc4+ Kb6 55. Rg1 Rb1 56. Qxa2 1-0

[Event "EU-ch Blitz"]
[Site "Skopje"]
[Date "2024.12.09"]
[Round "5"]
[White "Fedoseev, Vladimir1"]
[Black "Kilic, Eray"]
[Result "1-0"]
[WhiteElo "2709"]
[BlackElo "2459"]
[PlyCount "73"]
[EventDate "2024.12.09"]
[EventType "swiss (blitz)"]
[EventRounds "13"]
[EventCountry "MKD"]
[SourceTitle "CB50_2024"]
[SourceDate "2024.11.01"]
[SourceVersion "1"]
[SourceVersionDate "2024.11.01"]
[SourceQuality "2"]

1. d4 Nf6 2. c4 e6 3. Nf3 d5 4. Nc3 Bb4 5. Bg5 h6 6. Bxf6 Qxf6 7. e3 dxc4 8. Bxc4 0-0 9. 0-0 Rd8 10. Ne4 Qe7 11. a3 Bd6 12. Qc2 Nd7 13. b4 b6 14. Bb5 Bb7 15. Rfc1 Nf6 16. Nxf6+ Qxf6 17. e4 Bf4 18. Re1 Rac8 19. Bc6 Bxc6 20. Qxc6 Qg6 21. e5 h5 22. Re4 Bh6 23. Rae1 Rd5 24. Qb7 Rdd8 25. Qxa7 Qf5 26. Qb7 g5 27. Qc6 g4 28. Nh4 Qg5 29. g3 Qe7 30. h3 Bg5 31. hxg4 Bxh4 32. gxh4 Qxh4 33. R1e3 Kh8 34. Rg3 Rd5 35. Qc1 Kh7 36. Rf4 Rg8 37. g5 1-0

[Event "EU-ch Blitz"]
[Site "Skopje"]
[Date "2024.12.09"]
[Round "12"]
[White "Kilic, Eray"]
[Black "Navara, David"]
[Result "1-0"]
[WhiteElo "2459"]
[BlackElo "2665"]
[PlyCount "57"]
[EventDate "2024.12.09"]
[EventType "swiss (blitz)"]
[EventRounds "13"]
[EventCountry "MKD"]
[SourceTitle "CB50_2024"]
[SourceDate "2024.11.01"]
[SourceVersion "1"]
[SourceVersionDate "2024.11.01"]
[SourceQuality "2"]

1. d4 Nf6 2. Nc3 d5 3. Bf4 c5 4. e3 Bg4 5. Nf3 Nc6 6. Bb5 e6 7. h3 Bxf3 8. Qxf3 Rc8 9. 0-0 cxd4 10. exd4 a6 11. Bxc6+ Rxc6 12. Qd3 Qb6 13. Rab1 Be7 14. Be5 0-0 15. Rfe1 Nd7 16. Bf4 Bb4 17. Red1 Bxc3 18. bxc3 Qa7 19. Qg3 Rfc8 20. Bh6 g6 21. Rd3 b5 22. Re1 Qc7 23. Bf4 Qa5 24. Ree3 Qxa2 25. Qg5 b4 26. Qe7 Nf8 27. Be5 Nd7 28. Qxd7 Rxc3 29. Rxc3 1-0

[Event "EU-ch Blitz"]
[Site "Skopje"]
[Date "2024.12.09"]
[Round "4"]
[White "Triadu Cassa, Jordi"]
[Black "Kilic, Eray"]
[Result "0-1"]
[WhiteElo "2108"]
[BlackElo "2459"]
[PlyCount "56"]
[EventDate "2024.12.09"]
[EventType "swiss (blitz)"]
[EventRounds "13"]
[EventCountry "MKD"]
[SourceTitle "CB50_2024"]
[SourceDate "2024.11.01"]
[SourceVersion "1"]
[SourceVersionDate "2024.11.01"]
[SourceQuality "2"]

1. e4 Nf6 2. e5 Nd5 3. c4 Nb6 4. c5 Nd5 5. Bc4 e6 6. d4 d6 7. cxd6 cxd6 8. Nf3 Nc6 9. 0-0 Be7 10. Qe2 0-0 11. Rd1 Nb6 12. Bb3 Bd7 13. Nc3 Rc8 14. Bf4 d5 15. Rac1 a6 16. Bc2 Nc4 17. Bb1 Qb6 18. Bg5 Qxb2 19. Rc2 Qb4 20. Bxe7 Qxe7 21. Rcc1 Na3 22. Bd3 Nb4 23. h4 Nxd3 24. Rxd3 Bb5 25. Ng5 h6 26. Qg4 Bxd3 27. Re1 Rxc3 28. Re3 Bf5 0-1

[Event "EU-ch Rapid"]
[Site "Skopje"]
[Date "2024.12.08"]
[Round "9"]
[White "Kilic, Eray"]
[Black "Navara, David"]
[Result "1/2-1/2"]
[WhiteElo "2459"]
[BlackElo "2665"]
[PlyCount "138"]
[EventDate "2024.12.07"]
[EventType "swiss (rapid)"]
[EventRounds "11"]
[EventCountry "MKD"]
[SourceTitle "CB50_2024"]
[SourceDate "2024.11.01"]
[SourceVersion "1"]
[SourceVersionDate "2024.11.01"]
[SourceQuality "2"]

1. e4 c5 2. Nf3 d6 3. Bb5+ Nd7 4. d4 cxd4 5. Nxd4 Ngf6 6. 0-0 a6 7. Bd3 Nc5 8. Nc3 g6 9. Re1 Bg7 10. Bf1 0-0 11. Nb3 Nxb3 12. axb3 Bd7 13. Bf4 Re8 14. Qd2 Bc6 15. Bh6 Bh8 16. h3 d5 17. e5 Ne4 18. Qd4 e6 19. Bf4 Rc8 20. Rad1 Qc7 21. Nxe4 dxe4 22. c4 Red8 23. Qc3 Rxd1 24. Rxd1 Rd8 25. Rd4 Bg7 26. b4 Rxd4 27. Qxd4 g5 28. Bg3 h6 29. Be2 Qe7 30. c5 Bd5 31. b5 axb5 32. Bxb5 f5 33. exf6 Qxf6 34. Qxf6 Bxf6 35. b3 Bd4 36. Bd6 Bxb3 37. c6 bxc6 38. Bxc6 Bd5 39. Be8 Kg7 40. Bh5 e3 41. fxe3 Bxe3+ 42. Kf1 Bf4 43. Bc5 Bg3 44. Be2 Kg6 45. Bd3+ Kf6 46. Be2 e5 47. Bd6 Kf5 48. Bf3 Bf7 49. Ke2 h5 50. Ke3 Ke6 51. Bc5 Bf4+ 52. Kd3 Be8 53. Be4 Bb5+ 54. Kc3 Be2 55. Kc2 h4 56. Kc3 Kf6 57. Bf3 Bxf3 58. gxf3 e4 59. Kd4 Kf5 60. fxe4+ Kg6 61. Kd3 g4 62. hxg4 h3 63. Bg1 Kg5 64. Ke2 Kxg4 65. Kf1 Kf3 66. Bh2 Bxh2 67. e5 Bf4 68. Kg1 h2+ 69. Kh1 Bxe5 1/2-1/2

[Event "EU-ch Rapid"]
[Site "Skopje"]
[Date "2024.12.07"]
[Round "2"]
[White "McGowan, Daniel"]
[Black "Kilic, Eray"]
[Result "0-1"]
[WhiteElo "2089"]
[BlackElo "2459"]
[PlyCount "88"]
[EventDate "2024.12.07"]
[EventType "swiss (rapid)"]
[EventRounds "11"]
[EventCountry "MKD"]
[SourceTitle "CB50_2024"]
[SourceDate "2024.11.01"]
[SourceVersion "1"]
[SourceVersionDate "2024.11.01"]
[SourceQuality "2"]

1. e4 c5 2. Nf3 Nc6 3. c3 d5 4. exd5 Qxd5 5. d4 Bg4 6. Be2 e6 7. h3 Bh5 8. 0-0 Nf6 9. Be3 cxd4 10. Nxd4 Bxe2 11. Qxe2 Be7 12. Nd2 0-0 13. Rfd1 Rfd8 14. N2b3 e5 15. Nf5 Qe4 16. Ng3 Qg6 17. Qb5 Rab8 18. Rxd8+ Bxd8 19. Rd1 h5 20. Qe2 h4 21. Nf1 Bc7 22. Nc5 e4 23. Nd7 Nxd7 24. Rxd7 Rc8 25. Qb5 Qe6 26. Qd5 Qe8 27. Qd1 Ne5 28. Rd4 f5 29. Qb3+ Kh7 30. Qxb7 Nd3 31. Qd5 Be5 32. Rc4 Rd8 33. Qa5 Nxb2 34. Rc5 Nd3 35. Rb5 Bxc3 36. Qa6 Be5 37. Rb7 Rd6 38. Qxa7 f4 39. Bb6 Qg6 40. Qa8 f3 41. Ne3 Nc5 42. Rb8 Qxg2+ 43. Nxg2 Rd1+ 44. Ne1 Rxe1# 0-1